Szczegóły MARC21

Zasady badań pedagogicznych : strategie ilościowe i jakościowe /

003 -Nazwa inst., której nr kontr. jest w polu 001 [,]
    • @
    • Nazwa instytucji, której n kontrolny jest w polu 001
    • NUKAT
005 -DATA I CZAS OSTATNIEJ MODYFIKACJI [,]
    • @
    • pole kontrolne
    • 20241231114409.0
020 -Międzynarod. znormalizowany nr książki - ISBN [ , ]
    • a
    • Numer ISBN
    • 9788362015160 Find
040 -Instytucja sporządzająca opis [ , ]
    • a
    • Instytucja, która sporządziła opis (NP)
    • WR U/ms
    • c
    • Instytucja, która sporządziła rekord (NP)
    • WR U/ms
    • d
    • Instytucja, która zmodyfikowała rekord (P)
    • WR U/hb
    • d
    • Instytucja, która zmodyfikowała rekord (P)
    • OLSZT 003/BKs
    • d
    • Instytucja, która zmodyfikowała rekord (P)
    • GD 27/LKs
    • d
    • Instytucja, która zmodyfikowała rekord (P)
    • WR 194/KBs
942 -Rodzaj dokumentu [ , ]
    • c
    • Rodzaj dokumentu
    • Książka
100 -Hasło główne - nazwa osobowa [1, ]
    • a
    • Nazwa osobowa (NP)
    • Pilch, Tadeusz
    • d
    • Daty biograficzne (NP)
    • (1939- ).
    • 9
    • KHW
    • 77602
245 -Strefa tytułu i oznaczenia odpowiedzialności [1,0]
    • a
    • Tytuł
    • Zasady badań pedagogicznych : Find
    • b
    • Ciąg dalszy tytułu (NP)
    • strategie ilościowe i jakościowe / Find
    • c
    • Pozostałe elementy strefy tytułu i oznaczenia odpowiedzialności (NP)
    • Tadeusz Pilch, Teresa Bauman.
250 -Strefa wydania [ , ]
    • a
    • Oznaczenie wydania (NP)
    • Wyd. 3 popr. i rozsz. /
    • b
    • Ciąg dalszy strefy wydania (NP)
    • rozdz. 6 oprac. Andrzej Radźko.
260 -Strefa adresu wydawniczego [ , ]
    • a
    • Miejsce wydania (P)
    • Warszawa :
    • b
    • Nazwa wydawcy (P)
    • Wydawnictwo Akademickie "Żak",
    • c
    • Data wydania (P)
    • cop. 2010.
300 -Strefa opisu fizycznego [ , ]
    • a
    • Określenie formy książki i/lub objętość (NP)
    • 376 s. ;
    • c
    • Format (NP)
    • 21 cm.
336 -Typ zawartości [ , ]
    • a
    • Termin opisujący typ zawartości
    • Tekst
    • b
    • Kod określający zawartość
    • txt
    • 2
    • Źródło (terminu i kodu)
    • rdacontent
337 -Typ mediów [ , ]
    • a
    • Tryb odtwarzania
    • Bez urządzenia pośredniczącego
    • b
    • Kod typu mediów
    • n
    • 2
    • Źródło (terminu i kodu)
    • rdamedia
338 -Typ/rodzaj nośnika [ , ]
    • a
    • Hasło opisujące typ nośnika
    • Wolumin
    • b
    • Kod typu nośnika
    • nc
    • 2
    • Źródło (terminu i kodu)
    • rdacarrier
380 -Deskryptor - Forma dzieła (P) [ , ]
    • a
    • forma dzieła (NP)
    • Książki
380 -Deskryptor - Forma dzieła (P) [ , ]
    • a
    • forma dzieła (NP)
    • Publikacje dydaktyczne
380 -Deskryptor - Forma dzieła (P) [ , ]
    • a
    • forma dzieła (NP)
    • Publikacje naukowe
385 -Deskryptor - grupa odbiorców (P) [ , ]
    • m
    • wyrażenie wprowadzające (NP)
    • Poziom nauczania
    • a
    • termin określający odbiorcę (P)
    • Szkoły wyższe
500 -Uwaga ogólna [ , ]
    • a
    • Uwaga ogólna (NP)
    • Wyd. 1: Wrocław, 1977.
504 -Uwaga dot. bibliogr. załącznikowej [ , ]
    • a
    • Uwaga dot. bibliografii załącznikowej
    • Bibliogr. przy rozdz. Indeksy.
080 -Uniwersalna Klasyfikacja Dziesiętna [ , ]
    • 2
    • Identyfikator wydania tablic
    • UDC-P058
    • 9
    • UKD
    • 3812
    • a
    • Symbol klasyfikacji
    • 37.012
    • b
    • Dopowiedzenie
    • Metody badań pedagogicznych. Obserwacja pedagogiczna.
    • 4
    • UKD2
    • 8594
    • x
    • Poddział wspólny
    • (07)
    • c
    • Dopowiedzenie poddz. wspólnego
    • (Wydawnictwa dydaktyczne. Podręczniki).
650 -Hasło przedmiotowe [ ,7]
    • a
    • Hasło przedmiotowe
    • Pedagogika
    • x
    • Określnik rzeczowy
    • metodologia
    • v
    • Określnik formalny
    • podręczniki akademickie.
    • 2
    • Źródło terminu
    • kaba
    • 9
    • KHW
    • 359215
650 -Hasło przedmiotowe [ ,7]
    • a
    • Hasło przedmiotowe
    • Metodologia
    • 2
    • Źródło terminu
    • DBN
    • 9
    • KHW
    • 721542
650 -Hasło przedmiotowe [ ,7]
    • a
    • Hasło przedmiotowe
    • Pedagogika
    • 2
    • Źródło terminu
    • DBN
    • 9
    • KHW
    • 721736
655 -Hasło w funkcji tematu formalnego [ ,7]
    • a
    • Hasło
    • Podręcznik
    • 2
    • Źródło terminu
    • DBN
    • 9
    • KHW
    • 720960
658 -Ujęcie treści [ , ]
    • a
    • dziedzina nauki i sztuki/ sfera aktywności życiowej
    • Edukacja i pedagogika
980 -Symbol UKD [ , ]
    • a
    • UKD
    • 37.012(07)
700 -Hasło dodatkowe - nazwa osobowa [1, ]
    • a
    • Nazwa osobowa (NP)
    • Bauman, Teresa Find
    • d
    • Daty biograficzne (NP)
    • ( -2017).
    • 9
    • KHW
    • 9030
700 -Hasło dodatkowe - nazwa osobowa [1, ]
    • a
    • Nazwa osobowa (NP)
    • Radźko, Andrzej. Find
    • e
    • Określenie rodzaju współpracy
    • Oprac.
    • 9
    • KHW
    • 9236
710 -Hasło dodatkowe - nazwa ciała zbiorowego [2, ]
    • a
    • Nazwa ciała zbiorowego lub nazwa geograficzna jako pierwszy element (NP)
    • Wydawnictwo Akademickie Żak.
    • 4
    • Kod relacji
    • pbl
    • 9
    • KHW
    • 56877
920 -ISBN [ , ]
    • a
    • ISBN
    • 978-83-62015-16-0 Find
Sygnatura Numer inwentarzowy Status udost. Data inwentaryzacji Lokalizacja Uwagi nie widoczne w OPAC
 WM.11653-32010-11-17BG 
 WM.11654-32010-11-17BG 
 WM.11655-32010-11-17BG 
 WM.11656-32010-11-17BG 
 WM.11657-32010-11-17BG 
 WM.13986-62012-12-12BG 
 WM.13987-32012-12-12BG 
 WM.13989-32012-12-12BG 
 WM.13990-32012-12-12BG 
 WM.13988-32012-12-12BGdoklejone brakujące str.
Metodologia badań - poradnikiWF.912412012-10-15BM